Efekty aktívnych opatrení trhu práce v Slovenskej republike

Analýza a vyhodnotenie súčasnej politiky v oblasti zamestnanosti z hľadiska pôsobenia jednotlivých nástrojov aktívnych opatrení trhu práce v Slovenskej republike. Autorka zisťovala, v akom vzťahu sú objemy prostriedkov vynakladaných na aktívne opatrenia trhu práce k úbytkom nezamestnaných evidovanýc...

ver descrição completa

Na minha lista:
Detalhes bibliográficos
Autor principal: Karasová, Katarína
Formato: Capítulo de Livro
Idioma:eslovaco
Assuntos:
Tags: Adicionar Tag
Sem tags, seja o primeiro a adicionar uma tag!

MARC

LEADER 00000nla a2200000 4500
001 0186803
005 20221020090244.5
041 0 |a slo 
044 |a SK 
245 1 0 |a Efekty aktívnych opatrení trhu práce v Slovenskej republike  |c Katarína Karasová 
520 |a Analýza a vyhodnotenie súčasnej politiky v oblasti zamestnanosti z hľadiska pôsobenia jednotlivých nástrojov aktívnych opatrení trhu práce v Slovenskej republike. Autorka zisťovala, v akom vzťahu sú objemy prostriedkov vynakladaných na aktívne opatrenia trhu práce k úbytkom nezamestnaných evidovaných úradmi práce, sociálnych vecí a rodiny. 
610 2 0 |a trh práce 
610 2 0 |a politika zamestnanosti 
610 2 0 |a nezamestnaní 
100 1 |a Karasová, Katarína